00241nam a2200097Ia 4500008004100000100002200041245001800063260003600081300000800117650001800125191201s2002 xx 000 0 und d aSINGH, Khushwant  0aJoke Book VII aN.DelhibOrient Paperbackc2002 a143 aGeneral Books